Biggest cities in Argentina - Statistics

General Stats
  • This quiz has been taken 22 times
  • The average score is 6 of 15
Answer Stats
Hint Answer % Correct
1 Buenos Aires
100%
2 Cordoba
80%
3 Rosario
75%
4 La Plata
55%
8 Santa Fe
55%
7 Salta
50%
12 Bahia Blanca
40%
5 Mar del Plata
40%
6 Tucuman
40%
10 Corrientes
30%
15 Jujuy
30%
14 Posadas
20%
13 Resistencia
20%
11 Pilar
5%
9 Vicente Lopez
5%
No matching quizzes found
Score Distribution
Percent of People with Each Score
Percentile by Number Answered
Your Score History
You have not taken this quiz